Catálogo

Vista normal Vista MARC

Entrada Personal Name

Número de registros utilizados en: 1

001 - CONTROL NUMBER

  • control field: 17788

003 - CONTROL NUMBER IDENTIFIER

  • control field: DLC

005 - DATE AND TIME OF LATEST TRANSACTION

  • control field: 20260122130303.0

008 - FIXED-LENGTH DATA ELEMENTS

  • fixed length control field: 080814n| acannaabn |a aaa

010 ## - LIBRARY OF CONGRESS CONTROL NUMBER

  • LC control number: n 2008055721

040 ## - CATALOGING SOURCE

  • Original cataloging agency: DLC
  • Language of cataloging: spa
  • Transcribing agency: Mx-PuUPA
  • Modifying agency: Mx-PuUPA
  • Description conventions: rda

100 1# - HEADING--PERSONAL NAME

  • Personal name: Fernández Beites, Pilar,
  • Dates associated with a name: 1967-

370 ## - ASSOCIATED PLACE

  • Place of birth: Madrid (España)

373 ## - ASSOCIATED GROUP

  • Associated group: Universidad Complutense

374 ## - OCCUPATION

  • Occupation: Autor
  • Occupation: Doctora en Filosofía
  • Occupation: Licenciada en Matemáticas

375 ## - GENDER

  • Gender: mujer

377 ## - ASSOCIATED LANGUAGE

  • Language code: spa

400 1# - SEE FROM TRACING--PERSONAL NAME

  • Personal name: Beites, Pilar Fernández,
  • Dates associated with a name: 1967-

670 ## - SOURCE DATA FOUND

  • Source citation: Fernández Beites, Pilar. Embriones y muerte cerebral, 2007:
  • Information found: t.p. (Pilar Fernández Beites) cover flap (b. 1967 in Madrid)